000 00365nam a2200133Ia 4500
003 GCL
008 140319s9999 xx 000 0 ara d
040 _aGCL /
_cGCL
082 0 4 _a225
_bم ا
245 1 0 _aاسماء الجموع فى القران الكريم
260 _a[S.N] :
_bمكتبه النهضه المصريه ،
_c1988
300 _a141 ص
490 _a
999 _c54539
_d54539